| 000 | 00968nam0a22002411 4500 | ||
|---|---|---|---|
| 001 | rc\3317316 | ||
| 005 | 20260407065757.0 | ||
| 021 |
_aRU _bРг11041-70 |
||
| 035 | _a(NLR Aleph) 007417895 | ||
| 090 |
_a6884708 _c6884708 |
||
| 100 | _a20130115d1970 |||y0rusy50 ca | ||
| 101 | 0 | _arus | |
| 102 | _aRU | ||
| 105 | _aa b ||||| | ||
| 200 | 1 |
_aИзделия из искусственного графита _eКаталог ЧЭМК _fМ-во черной металлургии. Главспецсталь. Челяб. ордена Ленина электрометаллург. комбинат |
|
| 210 |
_aЧелябинск _cЮж.-Уральское кн. изд-во _d1970 |
||
| 215 |
_a36 с. _cил. _d24 |
||
| 712 | 0 | 2 |
_aЧелябинский электрометаллургический комбинат _9565010 _3RU\NLR\AUTH\8810033248 |
| 801 | 0 |
_aRU _bNLR _gpsbo |
|
| 801 | 1 |
_aRU _bELAR _2rusmarc |
|
| 852 |
_aNLR _jПт 20.65/28 |
||
| 942 | _cBOOK | ||
| 980 | _aNB | ||